I. Harna: Nebolo by dobré, keby štát reguloval, kto a kde má stavať

Rozhovor s I. Harnom, ministrom výstavby a verejných prác SR, o problémoch bytovej výstavby na Slovensku. Tempo bytovej výstavby limituje nedostatok finančných prostriedkov. Novela zákona o Štátnom fonde rozvoja bývania (ŠFRB). Súvislosti medzi výstavbou bytov a regionálnym rozvojom. Stavebné sporen...

Descrizione completa

Salvato in:
Dettagli Bibliografici
Autore principale: Zverková, Daniela
Altri autori: Harna, Ištván
Natura: Capitolo di libro
Lingua:slovacco
Soggetti:
Tags: Aggiungi Tag
Nessun Tag, puoi essere il primo ad aggiungerne!!

MARC

LEADER 00000naa a2200000 4500
001 r034593
005 20230921103233.6
041 0 |a slo 
044 |a SK 
245 1 0 |a I. Harna: Nebolo by dobré, keby štát reguloval, kto a kde má stavať  |c Daniela Zverková, István Harna 
520 |a Rozhovor s I. Harnom, ministrom výstavby a verejných prác SR, o problémoch bytovej výstavby na Slovensku. Tempo bytovej výstavby limituje nedostatok finančných prostriedkov. Novela zákona o Štátnom fonde rozvoja bývania (ŠFRB). Súvislosti medzi výstavbou bytov a regionálnym rozvojom. Stavebné sporenie a hypotekárne úverovanie. 
610 2 0 |a výstavba bytová 
610 2 0 |a financovanie 
610 2 0 |a sporenie stavebné 
610 2 0 |a úver hypotekárny 
610 2 0 |a nájomné 
610 2 0 |a Slovensko 
610 2 0 |a Štátny fond rozvoja bývania Bratislava 
100 1 |a Zverková, Daniela 
700 1 |a Harna, Ištván